000 00295nam a22001217a 4500
008 170502b xxu||||| |||| 00| 0 eng d
041 _aeng
080 _a341
100 _a13
101 _aSHJ
245 _aHEARING SUBCOMMITTEON ARMS CONTROL INTERNATIONAL
_cFULBRIGHT.J.W
942 _2udc
_cBK
999 _c12360
_d12360